| 000 | 01084cab a22002655a 4500 | ||
|---|---|---|---|
| 001 | L145886 | ||
| 008 | 081119e20081115xxko f g 000 0 eng d | ||
| 035 | _a(Sirsi) u145886 | ||
| 041 | 0 | _aeng | |
| 100 | 1 | _aMathias, Anna | |
| 245 | 0 | 0 | _aAgainst all the odds |
| 260 | _c2008 | ||
| 490 |
_aEstates Gazette _v(0845) 15 November 2008, 94-95(2) |
||
| 520 | _aAuthors look at the attempts by casino operators to apply for new licenses, after Parliament rejected an enabling order for super casinos in 2007. Describes the new, two-stage application process and explains what will happen next in the regional competition to gain the new licenses. | ||
| 590 | _aKA | ||
| 650 | 2 | 4 | _aGAMBLING ACT 2005 |
| 650 | 2 | 4 | _aGAMING ACT 1968 |
| 650 | 2 | 4 | _aLICENSING ACT 2003 |
| 650 | 2 | 4 | _aR (ON THE APPLICATION OF BRITISH CASINO ASSOCIATION LTD) V SECRETARY OF STATE FOR CULTURE, MEDIA AND SPORT |
| 651 | 4 |
_aUnited Kingdom _y |
|
| 690 | _aENVIRONMENTAL AND LAND CONSULTANCY-PLANNING AND DEVELOPMENT-PLANNING GUIDANCE | ||
| 700 | 1 | _aCooper, Sarah | |
| 700 | 1 | _aMiller, Keith | |
| 942 | _n0 | ||
| 999 |
_c80966 _d80966 |
||